Statistics for All Songs by Mayhem

Click here to take the quiz!

General Stats

  • This quiz has been taken 17 times
  • The average score is 18 of 64

Answer Stats

AlbumAnswer% Correct
Deathcrush
Deathcrush
100%
De Mysteriis Dom SathanasFreezing Moon
100%
DeathcrushChainsaw Gutsfuck
91%
De Mysteriis Dom SathanasDe Mysteriis Dom Sathanas
82%
De Mysteriis Dom SathanasPagan Fears
82%
De Mysteriis Dom SathanasFuneral Fog
73%
De Mysteriis Dom SathanasLife Eternal
73%
DeathcrushWitching Hour
64%
ChimeraChimera
55%
DeathcrushNecrolust
55%
DeathcrushPure Fucking Armageddon
55%
Deathcrush(Weird) Manheim
55%
De Mysteriis Dom SathanasCursed in Eternity
45%
DeathcrushSilvester Anfang
45%
De Mysteriis Dom SathanasBuried By Time and Dust
36%
DaemonBad Blood
27%
DaemonFalsified and Hated
27%
De Mysteriis Dom SathanasFrom the Dark Past
27%
DaemonMalum
27%
ChimeraMy Death
27%
Esoteric WarfarePsywar
27%
DaemonAeon Daemonium
18%
DaemonAgenda Ignis
18%
Grand Declaration of WarA Grand Declaration of War
18%
Wolf's Lair AbyssAncient Skin
18%
Grand Declaration of WarA Time to Die
18%
DaemonDaemon Spawn
18%
ChimeraDark Night of the Soul
18%
Wolf's Lair AbyssFall of Seraphs
18%
Wolf's Lair AbyssI Am Thy Labyrinth
18%
ChimeraImpious Devious Leper Lord
18%
DaemonInvoke the Oath
18%
DaemonOf Worms and Ruins
18%
ChimeraRape Humanity With Pride
18%
ChimeraSlaughter of Dreams
18%
Wolf's Lair AbyssSymbols of Bloodswords
18%
DaemonThe Dying False King
18%
Wolf's Lair AbyssThe Vortex Void of Inhumanity
18%
Grand Declaration of WarTo Daimonion
18%
Grand Declaration of WarView From Nihil
18%
ChimeraWhore
18%
DaemonWorthless Abominations Destroyed
18%
ChimeraYou Must Fall
18%
Grand Declaration of WarA Bloodsword and a Colder Sun
9%
Esoteric WarfareAion Suntelia
9%
Ordo Ad ChaoAnti
9%
Ordo Ad ChaoA Wise Birthgiver
9%
Grand Declaration of WarCompletion in Science of Agony
9%
Esoteric WarfareCorpse of Care
9%
Grand Declaration of WarCrystallized Pain in Deconstruction
9%
Ordo Ad ChaoDeconsecrate
9%
Ordo Ad ChaoGreat Work of Ages
9%
Ordo Ad ChaoIlluminate Eliminate
9%
Grand Declaration of WarIn the Lies Where Upon You Lay
9%
Ordo Ad ChaoKey to the Storms
9%
Esoteric WarfareMILAB
9%
Esoteric WarfarePandaemon
9%
Esoteric WarfarePosthuman
9%
Ordo Ad ChaoPsychic Horns
9%
Esoteric WarfareThrone of Time
9%
Esoteric WarfareTrinity
9%
Esoteric WarfareVI.Sec.
9%
Ordo Ad ChaoWall of Water
9%
Esoteric WarfareWatchers
9%

Score Distribution

Percentile by Number Answered

Percent of People with Each Score

Your Score History

You have not taken this quiz